Central Library OPAC University of Rajshahi

Man and society in an age of reconstruction : (Record no. 33403)

MARC details
000 -LEADER
fixed length control field 01182nam a2200301 a 4500
001 - CONTROL NUMBER
control field 33403
003 - CONTROL NUMBER IDENTIFIER
rucl marc code BD-RjUL
005 - DATE AND TIME OF LATEST TRANSACTION
control field 20211209052012.0
008 - FIXED-LENGTH DATA ELEMENTS--GENERAL INFORMATION
fixed length control field 140507r19661940enk b 001 0 eng d
035 ## - SYSTEM CONTROL NUMBER
System control number (BD-RjUL)33494
040 ## - CATALOGING SOURCE
Original cataloging agency DLC
Transcribing agency DLC
Modifying agency DLC
-- BD-RjUL
Language of cataloging eng
041 1# - LANGUAGE CODE
Language code of text/sound track or separate title engger
082 00 - DEWEY DECIMAL CLASSIFICATION NUMBER
Classification number 301
Edition number 19
Author mark and year MAM 1966
100 1# - MAIN ENTRY--PERSONAL NAME
Personal name Mannheim, Karl,
Dates associated with a name 1893-1947.
9 (RLIN) 141
245 10 - TITLE STATEMENT
Title Man and society in an age of reconstruction :
Remainder of title studies in modern social structure /
Statement of responsibility, etc. by Karl Mannheim ; [translated from the German by Edward Shils] ; [revised and considerably enlarged by the author].
260 ## - PUBLICATION, DISTRIBUTION, ETC. (IMPRINT)
Place of publication, distribution, etc. London :
Name of publisher, distributor, etc. Routledge & Kegan Paul,
Date of publication, distribution, etc. 1940 [Reprinted 1966]
300 ## - PHYSICAL DESCRIPTION
Pagination xxii, 469 p. ;
Size 23 cm.
500 ## - GENERAL NOTE
General note "With a bibliographical guide to the study of modern society."
General note "Based on Mensch und Gesellschaft im Zeiltalter im des Umbaus, Leiden (Holland) 1935"--T.p. verso.
504 ## - BIBLIOGRAPHY, ETC. NOTE
Bibliography, etc Bibliography: p. 383-455. and Index
650 #0 - SUBJECT ADDED ENTRY--TOPICAL TERM
Topical term or geographic name as entry element Social history
Chronological subdivision 20th century.
9 (RLIN) 16899
Topical term or geographic name as entry element Sociology.
9 (RLIN) 101395
Topical term or geographic name as entry element Planning.
9 (RLIN) 101396
Topical term or geographic name as entry element Social psychology.
9 (RLIN) 101397
942 ## - ADDED ENTRY ELEMENTS (KOHA)
Source of classification or shelving scheme Dewey Decimal Classification
Koha item type Books
Holdings
Lost status Source of classification or shelving scheme Damaged status Not for loan Collection code Permanent Location Current Location Shelving location Date acquired Source of acquisition Cost, normal purchase price Total Checkouts Full call number Date last seen Copy number Koha item type
  Dewey Decimal Classification     Non-fiction Central Library, University of Rajshahi Central Library, University of Rajshahi     sweets & zettinger 35.00   301 MAM 1966 07/05/2014 C-10 Books
  Dewey Decimal Classification     Non-fiction Central Library, University of Rajshahi Central Library, University of Rajshahi     sweets & zettinger 35.00   301 MAM 1966 07/05/2014 C-9 Books
  Dewey Decimal Classification     Non-fiction Central Library, University of Rajshahi Central Library, University of Rajshahi   07/12/1965 Zeitlinger 25.00   301 MAM 1960 07/05/2014 C-8 Books
  Dewey Decimal Classification     Non-fiction Central Library, University of Rajshahi Central Library, University of Rajshahi   12/04/1955 Allies books 13.20   301 MAM 1951 07/05/2014 C-7 Books
  Dewey Decimal Classification     Non-fiction Central Library, University of Rajshahi Central Library, University of Rajshahi   06/03/1956 B. H. Blacwell 16.00   301 MAM 1942 07/05/2014 C-2 Books
  Dewey Decimal Classification     Non-fiction Central Library, University of Rajshahi Central Library, University of Rajshahi   29/10/1963 Euro Pak. 20.31   301 MAM 1960 10/05/2014 C-3 Books
  Dewey Decimal Classification     Non-fiction Central Library, University of Rajshahi Central Library, University of Rajshahi   29/10/1963 Euro Pak. 20.31   301 MAM 1960 10/05/2014 C-4 Books
  Dewey Decimal Classification     Non-fiction Central Library, University of Rajshahi Central Library, University of Rajshahi   29/10/1963 Euro Pak. 20.31   301 MAM 1960 10/05/2014 C-5 Books
  Dewey Decimal Classification     Non-fiction Central Library, University of Rajshahi Central Library, University of Rajshahi   07/12/1965 Zetlinger 25.00   301 MAM 1960 10/05/2014 C-6 Books
  Dewey Decimal Classification     Non-fiction Central Library, University of Rajshahi Central Library, University of Rajshahi   01/02/1955 35 35.00   301 MAM 1966 15/05/2014 C-1 Books